Представление документа в формате MARC21

Поле Инд. ПП Название Значение
Тип записи a
Библиографический уровень b
001 Контрольный номер RU/IS/BASE/173378561
005 Дата корректировки 20200522190924.7
008 Кодируемые данные 20050629
084 a Индекс другой классификации/Индекс ББК 74.66
100 1_ a Автор Беличева С. А.
q Полное имя Беличева Светлана Афанасьевна
245 a Заглавие Социально-педагогическое обследование и поддержка семей группы риска
650 a Основная рубрика педагогика
a Основная рубрика социальная педагогика
653 a Ключевые слова группы риска
a Ключевые слова детско-родительские отношения
a Ключевые слова коррекционно-реабилитационные технологии
a Ключевые слова межличностные отношения
a Ключевые слова неблагополучные семьи
a Ключевые слова практическая психология
a Ключевые слова психология
a Ключевые слова психосоциальные технологии
a Ключевые слова семейные конфликты
a Ключевые слова семья
a Ключевые слова социально-педагогическая поддержка
a Ключевые слова супружеские отношения
773 t Заглавие источника Вестник психосоциальной и коррекционно-реабилитационной работы
d Дата издания источника 2005
g Прочая информация № 2. - С. 21 - 32
w Контрольный № источника RU/IS/BASE/172847146
901 t Тип документа b